000 00839 a2200217 4500
999 _c10477
_d10477
003 dpl
005 20181220162949.0
008 180604b xxu||||| |||| 00| 0 eng d
010 _aENG-89322
020 _c180.00
035 _aEN-72855, B-194171, B-194173
037 _bDBAD / PUB
040 _c0
082 1 4 _a410
100 1 _aKuthasthanand Saraswati
245 1 _aShri Sarasvati Mahanadi Nirnay:
_cby Swami Kuthasthanand Saraswati
_bthe conclusion about the great river Sarasvati (Original text in Sanskrit with English translation)/
260 _aHoshiarpur (Punjab)
_bSadhu Sewa Munshi Ram Sood
_c2000
270 _a Dr. P.K. Sood / A-21, Friends colony (East), Mathura Road, (Copies can be had from:-)
_bNew Delhi
_e110065
_cDelhi
_k6312244, 6314226
300 _axxxv, 155 p.
_c24 cm ( Hb)
942 _adpl
_cEN
_k410/ KUT
_2ddc